Statistics for What Language is That?

Click here to take the quiz!

General Stats

  • This quiz has been taken 85 times
  • The average score is 14 of 20

Answer Stats

QuestionAnswer% Correct
ArrivederciItalian
94%
GrazieItalian
93%
PommeFrench
90%
HuitFrench
85%
HermosoSpanish
85%
VerãoPortuguese
84%
CalienteSpanish
84%
SourirFrench
78%
BambinoItalian
77%
FâchéFrench
72%
PesceItalian
71%
ForteItalian
67%
HomemPortuguese
66%
PuntoSpanish
61%
PaísSpanish
55%
OláPortuguese
54%
SetentaSpanish
51%
VéloFrench
49%
ReiPortuguese
40%
EstradaPortuguese
21%

Score Distribution

Percentile by Number Answered

Percent of People with Each Score

Your Score History

You have not taken this quiz